| 000 | 02104cam a2200253 a 4500 | ||
|---|---|---|---|
| 003 | OSt | ||
| 005 | 20201123102656.0 | ||
| 008 | 111214q2010 ck r 000 0 spa d | ||
| 020 | _a9789586522076 | ||
| 040 |
_aCO-BoPUJ _cCO-JMCR |
||
| 041 | 0 | _aspa | |
| 082 | 0 | 4 |
_a350.09861 _bY679r _223 |
| 100 | 1 |
_aYounes Moreno, Diego _eautor _910300 |
|
| 245 | 1 | 4 |
_aLas reformas del Estado y de la administración pública / _cDiego Younes Moreno |
| 260 |
_aBogotá : _bEscuela Superior de Administración Pública, _c[2010?]. |
||
| 300 |
_a490 páginas ; _c25 cm. |
||
| 504 | _aIncluye referencias bibliográficas. | ||
| 505 | 0 | _aReforma administrativa y reforma del estado -- La misión Kemmerer -- La innovación del segundo cuarto de siglo -- La restauración institucional -- Los grandes cambios institucionales de 1968 -- Las reformas de la década de 1970 -- Las reformas de 1979 en adelante -- La descentralización territorial, balance y perspectivas -- Democratización, participación y modernización a partir de 1986 -- La comisión para la reforma del estado -- La asamblea constituyente -- La constitución del 1991 -- Importantes desarrollos legales de la constitución del 1991 -- La comisión de racionalización del gasto y de las finanzas públicas -- El artículo 20 transitorio de la constitución y la modernización del estado -- La reforma basada en la ley 344 de 1996 -- La ley 489 de 1998. Estatuto de organización y funcionamiento de la administración pública -- Los grandes contenidos de la ley 489 de 1998 -- Las sentencias de la corte constitucional frente a la ley 489 de 1998 -- La reforma dictada con base en la ley 573 de 2000 -- La renovación del estado -- Recientes desarrollos en reforma del estado y modernización institucional -- Política antitrámites -- Impacto laboral de las reformas administrativas | |
| 650 | 1 | 4 |
_aFunción pública _zColombia _912393 |
| 650 | 2 | 4 |
_aDescentralización administrativa _zColombia _97680 |
| 650 | 2 | 4 |
_aHistoria constitucional _98121 |
| 710 | 2 |
_aEscuela Superior de Administración Pública (Colombia) _912394 |
|
| 942 |
_2ddc _cBK |
||
| 999 |
_c7009 _d7009 |
||